| 000 | 00904nas a2200289 4500 | ||
|---|---|---|---|
| 001 | BR0003323 | ||
| 003 | BR-BrBNA | ||
| 005 | 20231205101932.0 | ||
| 007 | ta | ||
| 008 | 230509b bl.|||p| |||| 00| 00por d | ||
| 040 |
_aBR-BrBNA _bpor _cBiblioteca Nacional de Agricultura |
||
| 041 | _a(Pt) | ||
| 072 | _aF03 | ||
| 100 | 1 | _aAlbuquerque, M.C. de F.E. | |
| 100 | 1 | _aRodrigues, T. de J.D. | |
| 100 | 1 | _aMinohara, L. | |
| 100 | 1 | _aTebaldi, N.D. | |
| 100 | 1 | _aSilva, L.M. de M. | |
| 245 | 1 | _aInfluencia da temperatura e do substrato na germinacao de sementes de saguaraji Colubrina glandulosa Perk. - Rhamnaceae) | |
| 650 | _aSaguaragi | ||
| 650 | _aSemente | ||
| 650 | _aTemperatura | ||
| 650 | _aGerminacao | ||
| 773 | 0 |
_tRevista Brasileira de Sementes (Brazil) _xISSN 0101-3122 _g(1998), v. 20(2) p. 346-349 _wBR0003323 |
|
| 909 |
_a202311 _bLúcia _c55 _dLúcia Elande |
||
| 942 |
_2AGRIS _n0 _cANA |
||
| 999 |
_c164804 _d164804 |
||